| 000 | 00606cab a2200205 4500 | ||
|---|---|---|---|
| 001 | ABS54853 | ||
| 008 | 090401t1996 xxu||||| |||| 00| 0 eng d | ||
| 035 | _a(Sirsi) u12550 | ||
| 041 | _aeng | ||
| 100 | _aSmulian, M. | ||
| 245 | _aICE puts weight behind issue of sustainability | ||
| 260 | _c1996 | ||
| 350 | _a0 | ||
| 490 |
_aSurveyor _v183(5386) 2 May 1996, 12-13(2) |
||
| 520 | _aLooks at the findings of an ICE report: "Sustainability and acceptability in infrastructure development". | ||
| 650 | _aSUSTAINABLE DEVELOPMENT | ||
| 690 | _aBUILT ENVIRONMENT | ||
| 942 | _n0 | ||
| 948 | _c04/03/1997 | ||
| 999 |
_c8020 _d8020 |
||